000 01084nam a2200289Ia 4500
001 ebr10309197
003 CaPaEBR
006 m u
007 cr cn|||||||||
008 090616s2009 enk sb 000 0 eng d
020 _z9781859592021
040 _aCaPaEBR
_cCaPaEBR
035 _a(OCoLC)647816438
050 1 4 _aRC660
_b.G33 2009eb
100 1 _aGadsby, Roger.
245 1 0 _aVital diabetes management
_h[electronic resource] /
_cRoger Gadsby and Pam Gadsby.
260 _aLondon :
_bClass Publishing,
_c2009.
300 _a77 p.
504 _aIncludes bibliographical references.
533 _aElectronic reproduction.
_bPalo Alto, Calif. :
_cebrary,
_d2009.
_nAvailable via World Wide Web.
_nAccess may be limited to ebrary affiliated libraries.
650 0 _aDiabetes
_vHandbooks, manuals, etc.
650 0 _aDiabetes
_xTreatment.
655 7 _aElectronic books.
_2local
700 1 _aGadsby, Pam.
710 2 _aebrary, Inc.
856 4 0 _uhttp://site.ebrary.com/lib/rucke/Doc?id=10309197
_zAn electronic book accessible through the World Wide Web; click to view
999 _c61668
_d61668